| 000 | 00518nam a2200181Ia 4500 | ||
|---|---|---|---|
| 999 |
_c3605 _d3605 |
||
| 003 | OSt | ||
| 005 | 20200814111345.0 | ||
| 008 | 190216s9999||||xx |||||||||||||| ||und|| | ||
| 020 | _a9788120340770 | ||
| 040 | _coclc | ||
| 082 |
_a543 _bDAS/A |
||
| 100 |
_aDash, Dhruba Charan _94130 |
||
| 245 | 0 |
_aAnalytical Chemistry / _cDhruba Charan Dash |
|
| 260 |
_bPhi Learning Private Limited, _c2011. _aNew Delhi: |
||
| 300 | _a581p | ||
| 650 | _aChemistry | ||
| 942 |
_cBK _2ddc _h543 _iDAS/A _k543 _mDAS/A |
||